Where the grass is greener : geographical perspectives on inequality /

Bibliographic Details
Main Author: Smith, David M. (David Marshall), 1936-
Format: Book
Language:English
Published: London : Croom Helm : Published in association with Penguin Books, [1979]
Subjects:

MARC

Tag First Indicator Second Indicator Subfields
LEADER 00000cam a2200000 a 4500
001 in00000073470
005 20151008053506.0
008 791114s1979 enkabf b 00110 eng d
020 |a 0709900554 :  |c 13.95 
035 |a (OCoLC)05694681 
035 |9 AAH7609AM 
040 |a UMK  |c UMK  |d m.c.  |d TXA  |d UtOrBLW 
049 |a TXAM  |c [1387078] 
090 |a HC59  |b .S5576 
100 1 |a Smith, David M.  |q (David Marshall),  |d 1936- 
245 1 0 |a Where the grass is greener :  |b geographical perspectives on inequality /  |c David M. Smith. 
264 1 |a London :  |b Croom Helm :  |b Published in association with Penguin Books,  |c [1979] 
264 4 |c ©1979 
300 |a 386 pages, 8 unnumbered pages of plates :  |b illustrations, maps ;  |c 23 cm. 
336 |a text  |b txt  |2 rdacontent 
337 |a unmediated  |b n  |2 rdamedia 
338 |a volume  |b nc  |2 rdacarrier 
500 |a Includes index. 
504 |a Bibliography: pages 369-380. 
650 0 |a Economic history  |y 20th century. 
650 0 |a Income distribution. 
650 0 |a Equality. 
650 0 |a Economic geography. 
999 |a MARS 
999 f f |s 1a3c80c3-e4b6-3ea7-a06a-314845a39d39  |i f4f8f871-ca2e-355c-8eb7-bcc733e742ec  |t 0 
952 f f |p ric  |a Texas A&M University  |b Rellis Campus  |c Joint Library Facility  |d Remote Storage  |t 0  |e HC 59 .S5576  |h Library of Congress classification  |i unmediated -- volume  |m A14808336347 
952 f f |p normal  |a Texas A&M University  |b College Station  |c Sterling C. Evans Library  |d Evans: Library Stacks  |t 0  |e HC59 .S5576  |h Library of Congress classification  |i unmediated -- volume  |m A14806120936 
998 f f |a HC 59 .S5576  |t 0  |l Remote Storage 
998 f f |a HC59 .S5576  |t 0  |l Evans: Library Stacks